00981cam a22002651 450000100060000000300080000600500170001400800410003103500190007203500190009104000420011004100080015208200220016010000290018224501130021126000380032430000410036250400300040365000200043365100420045365100540049594200120054999900170056195201370057825953BD-RjUL20211209050942.0140319s1942 uk 000 0 eng  a(BD-RjUL)26023 a(BD-RjUL)26023 aDLCcOClWdODaWUdOCoLCdBD-RjULbeng aeng a320.951bMIO 19421 aMichael, Franz H.91007014aThe origin of Manchu rule in China :bfrontier and bureaucracy as interacting forces in the Chinese Empire / aNew York :bOctagon Books,cc1942 aviii, 127 p. :bfold. map. ;c24 cm. aBibliography: p. 125-127. 0aManchus.979743 0aChinaxHistoryyEarly to 1643.979744 0aChinaxHistoryyTatar Conquest, 1643-1644.979745 2ddccBK c25953d25953 00102ddc40728NFICaRUCLbRUCLcReadingd1955-07-21eO. U. Pg8.00l0o320.951 MIO 1942r2014-03-19 00:00:00tC-1w2014-03-19yBK